000
00224nam a2200097Ia 4500
001
682320
005
20250826161417.0
008
250824s9999 xx 000 0 und d
245
0
_a
SEVDALİNKA
_c
AYŞE KULİN
260
_b
EVEREST
999
_c
682320
_d
682320